000 00398nam a2200157Ia 4500
003 Ost
005 20260225132538.0
008 260225s9999||||xx |||||||||||||| ||und||
040 _cfsic
041 _afre
082 _a659.1
100 _aAnne galey -Pierre horay
_eAuteur
245 0 _aLa ligne de sijoties petites annonces1870...1900 /
245 0 _cAnne galey -Pierre horay
942 _cكتاب
999 _c33321
_d33321